Enrgy use survey (Record no. 78769)

MARC details
000 -LEADER
fixed length control field 01229cab a22001935a 4500
001 - CONTROL NUMBER
control field L138028
008 - FIXED-LENGTH DATA ELEMENTS--GENERAL INFORMATION
fixed length control field 070514e2007 xxk f 000 0 eng d
035 ## - SYSTEM CONTROL NUMBER
System control number (Sirsi) u138028
041 0# - LANGUAGE CODE
Language code of text/sound track or separate title eng
100 1# - MAIN ENTRY--PERSONAL NAME
Personal name Lane, Thomas
245 00 - TITLE STATEMENT
Title Enrgy use survey
260 ## - PUBLICATION, DISTRIBUTION, ETC.
Date of publication, distribution, etc. 2007
490 #0 - SERIES STATEMENT
Series statement Building Magazine
Volume/sequential designation 272(8477), 27 April 2007, 64-66(3)
520 ## - SUMMARY, ETC.
Summary, etc. Reveals that there is a general apathy towards energy certificates, and that most landlords and occupiers would rather live with a poor rating than changing their practices. Reports that three-quarters of building occupiers and landlords will do nothing or only make minor changes when energy certificates for non-houing take effect. Reports that 47% of respondents had already appointed an energy advisor, that 25% said improving the building fabric was not a consideration, that 50% said they had already taken steps to change employee behaviour to reduce energy consumption and that 72% said that reduced business rates would be an incentive to improve their portfolio.
590 ## - LOCAL NOTE (RLIN)
Local note KA
651 #4 - SUBJECT ADDED ENTRY--GEOGRAPHIC NAME
Geographic name England and Wales
Chronological subdivision 1543-
690 ## - LOCAL SUBJECT ADDED ENTRY--TOPICAL TERM (OCLC, RLIN)
Topical term or geographic name as entry element ENVIRONMENTAL AND LAND CONSULTANCY-ENERGY-ENERGY USE-ENERGY USE ASSESSMENT-ENERGY USE AUDITING-ENERGY USE RATING
942 ## - ADDED ENTRY ELEMENTS (KOHA)
Suppress in OPAC 0
Holdings
Withdrawn status Lost status Source of classification or shelving scheme Damaged status Not for loan Home library Current library Shelving location Date acquired Total Checkouts Full call number Barcode Date last seen Copy number Price effective from Koha item type
    Dewey Decimal Classification     London London Journal article 14/05/2007   L138028 138028-1001 06/08/2019 1 06/08/2019 Journal article